Department of Veterans Affairs : available data not sufficiently reliable to describe use of consulting services /

Bibliographic Details
Main Author: Mackin, Michele (Author)
Format: Government Document eBook
Language:English
Published: Washington, DC : U.S. Government Accountability Office, 2013.
Subjects:
Online Access:https://purl.fdlp.gov/GPO/gpo40695
http://purl.fdlp.gov/GPO/gpo40695

MARC

Tag First Indicator Second Indicator Subfields
LEADER 00000cam a2200000Ii 4500
001 in00003423213
005 20210312122757.0
006 m o d f
007 cr m||||||||||
008 131021s2013 dcu ob f000 0 eng d
035 |a (OCoLC)ocn861186525 
043 |a n-us--- 
040 |a GPO  |b eng  |e rda  |e pn  |c GPO  |d MvI 
049 |a WWW 
074 |a 0545-A-04 (online) 
086 0 |a GA 1.41:GAO-13-714 R 
088 |a GAO-13-714 R 
100 1 |a Mackin, Michele,  |e author. 
245 1 0 |a Department of Veterans Affairs :  |b available data not sufficiently reliable to describe use of consulting services /  |c Michele Mackin. 
246 3 0 |a Available data not sufficiently reliable to describe use of consulting services 
246 1 7 |a Veterans Affairs consulting 
264 1 |a Washington, DC :  |b U.S. Government Accountability Office,  |c 2013. 
300 |a 1 online resource (7 pages) 
336 |a text  |2 rdacontent 
337 |a computer  |2 rdamedia 
338 |a online resource  |2 rdacarrier 
500 |a Title from title screen (viewed Oct. 17, 2013). 
500 |a "July 30, 2013." 
504 |a Includes bibliographical references. 
500 |a "GAO-13-714R." 
610 1 0 |a United States.  |b Department of Veterans Affairs  |x Management. 
650 0 |a Consulting firms  |z United States  |x Costs. 
710 1 |a United States.  |b Government Accountability Office,  |e issuing body. 
856 4 0 |u https://purl.fdlp.gov/GPO/gpo40695  |t 0 
856 4 0 |u http://purl.fdlp.gov/GPO/gpo40695  |t 0 
999 f f |s 0421965d-cde0-3a5a-b596-1c9671a0cacb  |i 895bb7ce-76e3-3825-a63b-18cb3b419c3e  |t 0 
952 f f |a Texas A&M University  |b College Station  |c Electronic Resources  |d Available Online  |t 0  |e GA 1.41:GAO-13-714 R  |h Superintendent of Documents classification 
998 f f |a GA 1.41:GAO-13-714 R  |t 0  |l Available Online